000 00787 a2200205 4500
008 090227t xxu||||| |||| 00| 0 eng d
020 _a8175345004
_c150.00
035 _aB-157834
037 _bRP-ZLS-2434 / PANSY-06-07:4 / RP-06-07:ENG
082 _a342.54
100 _aBakshi, P.M.
245 _aThe constitution of India
_cby P.M. Bakshi
250 _a7th ed
260 _aDelhi
_bUniversal Law Publishing
_c2006
270 _aC-FF-1A, Dilkhush Industrial Estate, Opp. Hans Cinema, Azadpur, G.T. Karnal Road
_cDelhi
_e110033
_k27438103
_l27458529
_msales@unilawbooks.com
300 _acii, 437, 5 p
_c24 cm (pbk)
500 _aincludes index
942 _adpl
_cEN
_k342.54 / BAK
_2ddc
999 _c2556
_d2556